Impacto laboral del incremento de la UIT en el año 2026 (Registro nro. 22618)

000 -Cabecera
Campo de control interno 02868nam a2200373 4500
001 - Número de control
control field ESSALUD
005 - Fecha y hora de la última transacción
Campo de control 20260702124026.0
007 - Tipo material - Descripcion fisica - info general
Tipo material - Descripcion fisica - info general ta
008 - Elementos de Longitud Fija - Información General
Elementos de Longitud Fija - Información t pe ||||| |||| 00| 0 spa d
040 ## - Origen de la Catalogación
Origen de la Catalogación BMG
041 ## - Idioma
Idioma spa
100 ## - Autor
Autor Tarazana Pineda, Manolo Narciso
Rol del Autor Autor
9 (RLIN) 53135
245 ## - Titulo
Titulo Impacto laboral del incremento de la UIT en el año 2026
246 ## - Variante del Titulo
Titulo Labor impact of the increase in the UIT in 2026
300 ## - Páginas
Paginación páginas 67-78
520 ## - Resumen
Resumen En el presente informe se desarrollan las principales implicancias laborales<br/>derivadas del incremento de la Unidad Impositiva Tributaria (UIT) para el año 2026,<br/>fijada en S/ 5,500.00, examinando su incidencia en aspectos re levantes como la remuneración<br/>integral anual, la inembargabilidad de las remuneraciones, el cobro de beneficios<br/>laborales mediante poder, la determinación del régimen de la micro y pequeña<br/>empresa, la exclusión del régimen de construcción civil, la intermediación laboral y la<br/>aplicación de multas por la autoridad inspectiva de trabajo. Asimismo, se abordan los<br/>efectos del nuevo valor de la UIT en materia procesal laboral, seguridad social y retención<br/>del Impuesto a la Renta de quinta categoría, con la finalidad de brindar un marco<br/>técnico que facilite el adecuado cumplimiento de las obligaciones laborales y conexas.<br/>
520 ## - Resumen
Resumen This report examines the main labour-related implications arising from the increase in the<br/>Tax Unit (Unidad Impositiva Tributaria – UIT) far the year 2026, set at 5/ 5,500.00, analyzing its impact<br/>on relevant aspects such as the annual comprehensive remuneration, the non-attachability of wages,<br/>the collection of labour benefits through powers of attorney, the determination of the micro and small<br/>enterprise regime, the exclusion from the civil construction regime, labour intermediation, and the<br/>application of fines by the labour inspection authority. lt also addresses the effects of the new UIT<br/>value in the fields of labour procedural law, social security, and the withholding of fifth-category<br/>income tax, with the aim of providing a technical framework that facilitates proper compliance with<br/>labour and related abligations.<br/>
650 ## - Temas - Descriptores
Temas - Descriptores UNIDAD IMPOSITIVA TRIBUTARIA
9 (RLIN) 53136
650 ## - Temas - Descriptores
Temas - Descriptores MULTAS LABORALES
9 (RLIN) 53137
650 ## - Temas - Descriptores
Temas - Descriptores INCREMENTO
9 (RLIN) 53138
650 ## - Temas - Descriptores
Temas - Descriptores INCIDENCIA
9 (RLIN) 42986
650 ## - Temas - Descriptores
Temas - Descriptores REGÍMENES
9 (RLIN) 53139
650 ## - Temas - Descriptores
Temas - Descriptores PROCESO
9 (RLIN) 4080
650 ## - Temas - Descriptores
Temas - Descriptores CUANTÍA
9 (RLIN) 53140
650 ## - Temas - Descriptores
Temas - Descriptores TAX UNIT (UIT)
9 (RLIN) 53141
650 ## - Temas - Descriptores
Temas - Descriptores LABOUR FINES
9 (RLIN) 53142
650 ## - Temas - Descriptores
Temas - Descriptores INCREASE
9 (RLIN) 53143
650 ## - Temas - Descriptores
Temas - Descriptores IMPACT
9 (RLIN) 53144
650 ## - Temas - Descriptores
Temas - Descriptores REGIMES
9 (RLIN) 53145
650 ## - Temas - Descriptores
Temas - Descriptores PROCEDURE
9 (RLIN) 53146
650 ## - Temas - Descriptores
Temas - Descriptores AMOUNT
9 (RLIN) 53147
773 0# - Revista (Relacion con el numero)
Host Biblionumber 22614
Host Itemnumber 22623
Ciudad, Editorial Lima Grupo Praxis Formación Profesional, 2026-
Codigo barras item/ejemplar PRALAB001
Titulo de la Revista Praxis Laboral & Procesal Laboral
Número de control de registro ESSALUD
ISSN 3119-768X
942 ## - Elementos de Koha
Tipo de Documento Artículos
Fecha procesamiento 2026-07-02
Catalogador SQB

No hay ítems disponibles.